Contextualisation and mission training : (Record no. 9261)
[ view plain ]
| 000 -LEADER | |
|---|---|
| fixed length control field | 01527nam a22002297a 4500 |
| 003 - CONTROL NUMBER IDENTIFIER | |
| control field | GBCCL |
| 005 - DATE AND TIME OF LATEST TRANSACTION | |
| control field | 20241126110708.0 |
| 008 - FIXED-LENGTH DATA ELEMENTS--GENERAL INFORMATION | |
| fixed length control field | 220621b ||||| |||| 00| 0 eng d |
| 020 ## - INTERNATIONAL STANDARD BOOK NUMBER | |
| International Standard Book Number | 9781506475455 |
| 020 ## - INTERNATIONAL STANDARD BOOK NUMBER | |
| International Standard Book Number | 1506475450 |
| 040 ## - CATALOGING SOURCE | |
| Transcribing agency | gbc |
| 082 ## - DEWEY DECIMAL CLASSIFICATION NUMBER | |
| Classification number | 266 |
| Item number | CON |
| 245 ## - TITLE STATEMENT | |
| Title | Contextualisation and mission training : |
| Remainder of title | engaging Asia's religious worlds / |
| Statement of responsibility, etc. | edited by Jonathan Ingleby, Tan Kan San and Tan Loun Ling. |
| 260 ## - PUBLICATION, DISTRIBUTION, ETC. | |
| Place of publication, distribution, etc. | Oxford : |
| Name of publisher, distributor, etc. | Regnum Books International in partnership with Asia CMS, |
| Date of publication, distribution, etc. | 2014. ©2014 |
| 300 ## - PHYSICAL DESCRIPTION | |
| Extent | vii, 109 pages |
| 440 ## - SERIES STATEMENT/ADDED ENTRY--TITLE | |
| Title | Regnum resources for mission. |
| 9 (RLIN) | 16107 |
| 505 ## - FORMATTED CONTENTS NOTE | |
| Formatted contents note | Part I. Contextual frameworks --<br/>What is so theological about contextual mission training? / Tan Kang San --<br/>The hermeneutical principle in relation to contextual mission training / Jonathan Ingle --<br/>Here be dragons: some guidelines for explorers in contextual mission and theology in Asia / David Miller --<br/>The training of Asian missionaries / David Harley --<br/>Part II. Engaging the multiple religious contexts of Asia --<br/>Not under lore : reviewing assumptions that shape Christian training related to witness to Muslims / Carol Walker --<br/>Lessons from the life of Karl Reichelt / Rory Mackenzie --<br/>The 'middle way model?': training with Chinese characteristics / Tan Loun Ling --<br/>Being in mission in the Indian context / Christina Manohar. |
| 650 ## - SUBJECT ADDED ENTRY--TOPICAL TERM | |
| Topical term or geographic name entry element | Christianity and culture |
| Geographic subdivision | Asia. |
| 9 (RLIN) | 1275 |
| 650 ## - SUBJECT ADDED ENTRY--TOPICAL TERM | |
| Topical term or geographic name entry element | Missionaries |
| Form subdivision | Training of. |
| 9 (RLIN) | 16108 |
| 650 ## - SUBJECT ADDED ENTRY--TOPICAL TERM | |
| Topical term or geographic name entry element | Christianity and culture. |
| 9 (RLIN) | 886 |
| 942 ## - ADDED ENTRY ELEMENTS (KOHA) | |
| Source of classification or shelving scheme | Dewey Decimal Classification |
| Koha item type | Books |
| Withdrawn status | Lost status | Source of classification or shelving scheme | Damaged status | Not for loan | Home library | Current Library | Shelving location | Date acquired | Total checkouts | Full call number | Barcode | Date last seen | Copy number | Price effective from | Koha item type |
|---|---|---|---|---|---|---|---|---|---|---|---|---|---|---|---|
| Dewey Decimal Classification | GRACE BIBLE COLLEGE | GRACE BIBLE COLLEGE | Ministry & Mission | 2022-06-21 | 266 CON | 015705 | 2025-05-01 | c.1 | 2022-06-21 | Books |